| 000 | 00688nam a2200205Ii 4500 | ||
|---|---|---|---|
| 003 | JO-AjNU | ||
| 008 | 230605s9999||||xx |||||||||||||| ||und|| | ||
| 017 | _a2016/3/1146 | ||
| 020 | _a978-9957-484-64-4 | ||
| 040 |
_aJO-AjNU _bara _erda _cJO-AjNU |
||
| 041 | _aara | ||
| 050 | 1 | 4 | _aHV6431 2016 |
| 100 | 3 |
_aابو رمان، محمد سليمان, _eauthor _956697 |
|
| 245 | 0 | 0 | _aاوراق ونقاشات مؤتمر سر الجاذبية: داعش ، الدعاية والتجنيد |
| 264 | 3 | 1 | _aعمان: مؤسسة فريدرش اييرت، 2016 |
| 300 | _a115ص | ||
| 336 |
_atext _btxt _2rdacontent |
||
| 337 |
_aunmediated _bn _2rdamedia |
||
| 338 |
_avolume _bnc _2rdacarrier |
||
| 999 |
_aA25364 _c28932 _d28932 |
||